| 000 | 00338nam a2200121Ia 4500 | ||
|---|---|---|---|
| 008 | 220120s9999||||xx |||||||||||||| ||und|| | ||
| 100 | _aBeck, Michael Bohme, Harald | ||
| 245 | 0 | _aLinux kernel programming | |
| 250 | _a3rd | ||
| 260 |
_aPearson education _bNew Delhi _c2006 |
||
| 300 |
_a516p. _b0 |
||
| 650 | _aELECTRONICS AND COMMUNICATIONS | ||
| 999 |
_c132357 _d132357 |
||